Modern Family Characters - Statistics

General Stats
  • This quiz has been taken 363 times
  • The average score is 24 of 76
Answer Stats
Answer % Correct
Dunphy Family Alex
98%
Dunphy Family Luke
98%
Dunphy Family Phil
98%
Dunphy Family Claire
97%
Tucker-Pritchett Family Cam
96%
Delgado-Pritchett Family Gloria
96%
Dunphy Family Haley
96%
Delgado-Pritchett Family Manny
96%
Tucker-Pritchett Family Lily
94%
Tucker-Pritchett Family Mitch
94%
Delgado-Pritchett Family Jay
92%
Delgado-Pritchett Family Joe
86%
Mitch and Cam's Friends Joe
86%
Extended Family Dylan
81%
Haley's Boyfriends Dylan
81%
Pets Stella
78%
Haley's Boyfriends Andy
63%
Mitch and Cam's Friends Pepper
63%
Extended Family Dede
55%
Pets Larry
50%
Mitch and Cam's Friends Ronaldo
38%
Extended Family Frank
37%
Haley's Boyfriends Arvin
36%
Alex's Boyfriends Arvin
36%
Mitch and Cam's Friends Sal
35%
Mitch and Cam's Friends Longinus
34%
Tucker-Pritchett Family Rexford
32%
Extended Family Pam
31%
Extended Family Javier
30%
Haley's Boyfriends Rainer
28%
Alex's Boyfriends Bill
26%
Alex's Boyfriends Ben
22%
Alex's Boyfriends Sanjay
22%
Alex's Boyfriends Reuben
21%
Luke's Girlfriends Sherry
21%
Manny's Girlfriends Sherry
21%
Extended Family Sonia
21%
Extended Family Poppy
20%
Extended Family George
19%
Extended Family Cal
15%
Manny's Girlfriends Sam
11%
Alex's Boyfriends Alec
10%
Alex's Boyfriends Teddy
9%
Extended Family Barb
8%
Luke's Girlfriends Sara
8%
Extended Family Merle
7%
Manny's Girlfriends Sophie
7%
Haley's Boyfriends Ethan
6%
Extended Family Jerry
6%
Extended Family Grace
5%
Alex's Boyfriends Jimmy
5%
Alex's Boyfriends Micheal
5%
Pets Scout
5%
Mitch and Cam's Friends Stefan
5%
Mitch and Cam's Friends Steven
5%
Haley's Boyfriends Will
5%
Alex's Boyfriends James
4%
Haley's Boyfriends Kenny
4%
Mitch and Cam's Friends L'Michael
4%
Luke's Girlfriends Rhonda
4%
Luke's Girlfriends Rose
4%
Haley's Boyfriends Scott
4%
Luke's Girlfriends Tammy
4%
Mitch and Cam's Friends Anders
3%
Luke's Girlfriends Becca
3%
Manny's Girlfriends Brenda
3%
Haley's Boyfriends Chase
3%
Mitch and Cam's Friends Cooper
3%
Luke's Girlfriends Danielle
3%
Manny's Girlfriends Kylie
3%
Extended Family Lorraine
3%
Manny's Girlfriends Sarah
3%
Luke's Girlfriends Sienna
3%
Luke's Girlfriends Simone
3%
Manny's Girlfriends Fiona
2%
Manny's Girlfriends Karen
2%
No matching quizzes found
Score Distribution
Percent of People with Each Score
Percentile by Number Answered
Your Score History
You have not taken this quiz